Manual de técnicas de laboratorio para el análisis de aguas, suelos, residuos orgánicos y plantas
Gorde:
| Egile Nagusiak: | , , , , |
|---|---|
| Formatua: | Liburua |
| Hizkuntza: | gaztelania |
| Argitaratua: |
Alicante
Universidad Miguel Hernández
2003
|
| Edizioa: | 1a. ed |
| Gaiak: | |
| Etiketak: |
Etiketa erantsi
Etiketarik gabe, Izan zaitez lehena erregistro honi etiketa jartzen!
|
MARC
| LEADER | 00000nam a2200000 a 4500 | ||
|---|---|---|---|
| 001 | UCJ9742 | ||
| 003 | CL-VaPUC | ||
| 008 | 070405e20030000SP |||||||||||||||||spa|d | ||
| 020 | |a 8495893932 | ||
| 082 | 0 | 4 | |a 542.1 |b MOR |2 21 |
| 100 | |a Moreno Caselles, Joaquín |e autor |9 519797 | ||
| 700 | 0 | |a Pérez Murcia, María Dolores |e author |9 519798 | |
| 700 | 0 | |a Moral Herrero, Raúl |e author |9 519799 | |
| 700 | 0 | |a Pérez Espinosa, Aurelia |e author |9 519800 | |
| 700 | 0 | |a Paredes Gil, Concepción |e author |9 519801 | |
| 245 | 1 | 0 | |a Manual de técnicas de laboratorio para el análisis de aguas, suelos, residuos orgánicos y plantas |
| 250 | |a 1a. ed | ||
| 300 | |a 622 p | ||
| 942 | |c BK | ||
| 945 | |d 20070405 00:00:00 |a cmena | ||
| 260 | |a Alicante |b Universidad Miguel Hernández |c 2003 | ||
| 650 | 0 | |a Química analítica |9 259648 | |
| 650 | 0 | |a Análisis cualitativo |9 346076 | |
| 650 | 0 | |a Manuales |9 257144 | |
| 650 | 0 | |a Análisis del agua |9 262189 | |
| 650 | 0 | |a Análisis de suelos |9 524831 | |
| 650 | 7 | |a RESIDUOS ORGANICOS |2 CL-VaPUC |9 264500 | |
| 650 | 0 | |a Plantas |9 264555 | |
| 583 | |a last modification |c 20070405 00:00:00 |k Rodrigo Vera | ||
| 999 | |c 325152 |d 325150 | ||
| 952 | |0 0 |1 0 |4 0 |6 542_100000000000000_MOR_2003 |7 0 |8 A |9 405757 |a BIBAGR |b BIBAGR |d 2019-11-22 |i 4327012 |l 1 |o 542.1 MOR 2003 |p 4327012 |r 2025-01-20 |s 2020-03-06 |w 2019-11-22 |y BK |k AGR | ||